000 00777nam a22001937a 4500
003 AM-YEHGA
005 20250617164257.0
008 211126s ||||| |||| 00| 0 rus d
040 _aAM-YeHGA
041 0 _arus
245 0 0 _aНеравенства и элементы исследования функций :
_b (Метод. пособие для подготовит. курсов МАТИ) /
_c/ М-во высш. и сред. спец. образования РСФСР. Моск. авиац. технол. ин-т.
260 _aВладимир :
_b Кн. изд-во,
_c1962.
300 _a98 с.
653 0 _aФункции (матем.)
710 2 _aМоск. авиац. технол. ин-т.
942 _2udc
_cBK
001 1806281
090 _c524572
999 _c520994
_d520994